00240 a2200097 4500000002500000020001800025100002300043245005400066260001400120264000800134 nam a22 7a 4500 a9781032600130 aElangovan, Uthayan aIndustry 5.0:The future of the Industrial economy bCRCc2022 bCRC